Cities on Interstate 95 on a Map - Statistics

General Stats
  • This quiz has been taken 23,400 times
  • The average score is 10 of 12
Answers on the Map
Answers color-coded by a green-red scale on the quiz's map according to % correct below.
 
Answer Stats
Population City % Correct
8,623,000 New York, NY
99%
685,094 Boston, MA
97%
463,347 Miami, FL
93%
693,972 Washington DC
93%
1,581,000 Philadelphia, PA
86%
611,648 Baltimore, MD
85%
892,062 Jacksonville, FL
81%
180,393 Providence, RI
75%
227,032 Richmond, VA
75%
285,154 Newark, NJ
68%
146,444 Savannah, GA
65%
131,014 New Haven, CT
50%
No matching quizzes found
Score Distribution
Percent of People with Each Score
Percentile by Number Answered
Your Score History
You have not taken this quiz